000 00342nam a2200145 a 4500
082 0 0 _a954.025
_bEDW
100 _aEdwardes, S M
245 _aMughal Rule in India
260 _aLondon
_bOxford University Press
_c1930
300 _a374p
500 _aincludes index and biblioraphy
505 2 _aIndex
650 _aMughal India
942 _cBK
999 _c7511
_d7511